000 01721nam a2200265Ia 4500
999 _c38151
_d38151
001 4141
003 GE_BSU
005 20190918122025.0
008 181216s1964||||ge |||||||||||||| ||geo||
040 _cGE_BSU
041 _ageo
080 _a39(479.22)+398(479.22) ს-75
100 _aსოხაძე, ა.
_9488
245 _aქართველთა უძველესი სარწმუნოებისა და მის გადმონაშთებთან ბრძოლის ისტორიიდან /
_cივ. ჯავახიშვილის სახ. ინ–ტი; ს. ჯანაშიას სახ. საქ. სახელმწ. მუზეუმი.
264 _aთბ. :
_bსაბჭ. საქართველო,
_c1964.
300 _a142 გვ. ;
_b21 სმ.
490 _aეთნოგრაფიულ და ანთროპოლოგიურ მეცნიერებათა VII საერთაშორისო კონგრესისათვის
520 _a რეზ. რუს. ენ.
653 _aქართველების ეთნოგრაფია
653 _aქართველთა უძველესი სარწმუნოება
653 _aრელიგიის ისტორია საქართველოში
653 _aათეიზმის ისტორია საქართველოში
710 _aივ. ჯავახიშვილის სახ. ისტორიის ინ-ტი
_bს. ჯანაშიას სახ. საქ. სახელმწ. მუზეუმი
_94085
942 _cBK
_2udc